| 000 | 00399nam a2200133Ia 4500 | ||
|---|---|---|---|
| 008 | 231017s9999 xx 000 0 und d | ||
| 082 | _a630.07 | ||
| 082 | _bBAR | ||
| 245 | 4 | _aThe theory and computerized design of statistical construction specification | |
| 245 | 0 | _cNew Jersey department of transportation | |
| 260 | _bNew Jersey department of transportation | ||
| 300 | _c30cm | ||
| 942 | _cREP | ||
| 999 |
_c606591 _d606591 |
||